Central Library and Information Centre
Sibsagar Girls' College, Sivasagar : Assam

A MANUAL OF PRACTICAL ZOOLOGY INVERTEBRATES (Record no. 3697)

MARC details
000 -LEADER
fixed length control field 00404cam a2200169ua 4500
008 - FIXED-LENGTH DATA ELEMENTS--GENERAL INFORMATION
fixed length control field 131204n II |||gr||||Z||||||eng
040 ## - CATALOGING SOURCE
Original cataloging agency MAIN
041 ## - LANGUAGE CODE
-- English
082 ## - DEWEY DECIMAL CLASSIFICATION NUMBER
Classification number 590 VER
100 ## - MAIN ENTRY--PERSONAL NAME
Personal name VERMA, P. S.
245 ## - TITLE STATEMENT
Title A MANUAL OF PRACTICAL ZOOLOGY INVERTEBRATES
260 ## - PUBLICATION, DISTRIBUTION, ETC.
Place of publication, distribution, etc. [s.l]:
Name of publisher, distributor, etc. RAM NARAYAN,
Date of publication, distribution, etc. 1989.
300 ## - PHYSICAL DESCRIPTION
Extent 647:
Dimensions 24CM.
942 ## - ADDED ENTRY ELEMENTS (KOHA)
Koha item type Books
653 ## - INDEX TERM--UNCONTROLLED
Uncontrolled term Animals (Zoology)
Holdings
Withdrawn status Lost status Damaged status Not for loan Collection code Home library Current library Shelving location Date acquired Total Checkouts Full call number Barcode Date last seen Date last checked out Copy number Price effective from Koha item type Public note
        TBZOO Central Library and Information Centre Sibsagar Girls College Central Library and Information Centre Sibsagar Girls College ZOOLOGY BOOK RACK 07.03.1985 1 590 VER 11961 02.09.2025 20.08.2025 1 27.02.2020 Books V
        TBPHY Central Library and Information Centre Sibsagar Girls College Central Library and Information Centre Sibsagar Girls College PHYSICS BOOK RACK 07.03.1985   590 VER 11962 27.02.2020   2 27.02.2020 Books V
        TBZOO Central Library and Information Centre Sibsagar Girls College Central Library and Information Centre Sibsagar Girls College ZOOLOGY BOOK RACK 07.03.1985   590 VER 11963 27.02.2020   3 27.02.2020 Books V


Sibsagar Girl's College © 2020. All rights reserved.
Powered by Koha.
Maintained by Abhijit Borpuzari.